|
|
|
|
| LEADER |
00000nam a22000007a 4500 |
| 005 |
20210908124942.0 |
| 007 |
cr|||| |||| |
| 008 |
210908s2015 co |||||s|||| 00||0 spa d |
| 020 |
|
|
|a 978-958-762-398-7
|
| 035 |
|
|
|a 33338
|
| 040 |
|
|
|a vLex
|
| 090 |
|
|
|c 12330
|d 12330
|
| 100 |
1 |
|
|a Ruiz Illǹ, Jos ̌Francisco
|
| 245 |
1 |
0 |
|a Comunicacin̤ efectiva y trabajo en equipo
|h [Recurso electrn̤ico] /
|c Jos ̌Francisco Ruiz Illǹ, Marcos Martn̕ez Fernǹdez
|
| 256 |
|
|
|a Servicio en ln̕ea
|
| 260 |
|
|
|a Bogot:̀
|b Ediciones de la U,
|c 2015
|
| 300 |
|
|
|a 1 recurso electrn̤ico
|
| 500 |
|
|
|a Es importante fomentar, en el m̀bito de la empresa, las capacidades de los empleados, puesto que son necesarias para ejercer con garanta̕s el desempeǫ de sus labores. Se debe hacer ňfasis en el desarrollo de las habilidades y actitudes frente a la empresa, los clientes y el resto de colaboradores. En ello radica el x̌ito de su compaą̕.Para lograr estos props̤itos este libro trata temas como: habilidades personales y sociales, la comunicacin̤ en la empresa, liderazgo y trabajo en equipo, la motivacin̤ en la empresa, tčnicas de evitacin̤ y resolucin̤ de conflictos, y la orientacin̤ al cambio.
|
| 506 |
1 |
|
|a Disponible solo en los productos indicados
|d vLex Global
|d vLex Global (Academic Edition, excluding Law Schools)
|d vLex Global (U.S. Academic Edition, Law Schools)
|d vLex Global (U.S. Academic Edition, excluding Law Schools)
|d vLex Global (Academic Edition, Law Schools)
|
| 650 |
0 |
4 |
|a Derecho Laboral
|z Colombia
|
| 700 |
1 |
|
|a Martn̕ez Fernǹdez, Marcos
|
| 740 |
0 |
|
|a vLex Libros (Servicio en ln̕ea)
|
| 856 |
4 |
0 |
|u https://app.vlex.com/#/sources/33338
|z Acceso restringido
|
| 942 |
|
|
|c BOOK
|
| 999 |
0 |
|
|a Labor Law
|